000 00480nam a2200169 i 4500
001 109063
003 ES-MaACL
005 20240607062955.0
007 t|
008 061121s1963 sp r ||||1| cat d
100 1 _aOliver, Joan,
_d1899-1986
_986815
245 1 0 _aBiografĂ­a de Lat i altres proses /
_cJuan Oliver.
260 _aBarcelona :
_bFontanilla,
_c1963.
300 _a231 p. ;
_c20 cm.
852 _aES-MaACL
_jC-23537
_bR.52232
999 _c109063
_d109063